[Event "GER-chA Seniors 26th"]
[Site "Bad Neuenahr"]
[Date "2014.08.13"]
[Round "9"]
[White "Schreiner, Toni"]
[Black "Reichel, Rolf"]
[Result "0-1"]
[WhiteElo "1984"]
[BlackElo "1778"]
[PlyCount "114"]
[EventDate "2014.08.05"]
[EventType "swiss"]
[EventRounds "9"]
[EventCountry "GER"]
[SourceTitle "EXT 2018"]
[Source "ChessBase"]
[SourceDate "2017.10.13"]
[SourceVersion "1"]
[SourceVersionDate "2017.10.13"]
[SourceQuality "1"]

1. d4 d5 2. Nf3 c6 3. e3 Bg4 4. h3 Bh5 5. Be2 Nf6 6. Nbd2 Nbd7 7. b3 e6 8. Bb2 Bb4 9. 0-0 0-0 10. Ne5 Bxe2 11. Qxe2 Nxe5 12. dxe5 Nd7 13. a3 Be7 14. f4 Qb6 15. Kh1 f5 16. Rg1 Bc5 17. Rae1 Rf7 18. b4 Be7 19. c4 a6 20. Nb3 Nf8 21. Bd4 Qd8 22. Bc5 Bxc5 23. Nxc5 b6 24. Nb3 dxc4 25. Qxc4 Qd5 26. Rc1 Qxc4 27. Rxc4 Rc7 28. Rgc1 Rac8 29. a4 Kf7 30. b5 axb5 31. axb5 c5 32. Nd4 Ra7 33. e4 g6 34. exf5 gxf5 35. Nc6 Ra2 36. Rb1 Rca8 37. Kh2 R2a4 38. Rxa4 Rxa4 39. Kg3 Ra3+ 40. Kh4 Ng6+ 41. Kg5 Rg3+ 42. Kh6 Nxf4 43. Kxh7 Rg7+ 44. Kh6 Rg6+ 45. Kh7 Rg5 46. g4 fxg4 47. hxg4 Rxg4 48. Rh1 Rg3 49. Rh6 Rg7+ 50. Kh8 Ng6+ 51. Rxg6 Rxg6 52. Nd8+ Kf8 53. Kh7 Ke8 54. Kxg6 Kxd8 55. Kf6 c4 56. Kg5 c3 57. Kf4 c2 0-1

[Event "GER-chA Seniors 26th"]
[Site "Bad Neuenahr"]
[Date "2014.08.09"]
[Round "5"]
[White "Schreiner, Toni"]
[Black "Alvarez, Luis"]
[Result "1-0"]
[WhiteElo "1984"]
[BlackElo "1885"]
[PlyCount "67"]
[EventDate "2014.08.05"]
[EventType "swiss"]
[EventRounds "9"]
[EventCountry "GER"]
[SourceTitle "EXT 2018"]
[Source "ChessBase"]
[SourceDate "2017.10.13"]
[SourceVersion "1"]
[SourceVersionDate "2017.10.13"]
[SourceQuality "1"]

1. d4 f5 2. Nc3 e6 3. e4 fxe4 4. Nxe4 Nf6 5. Bd3 Be7 6. Nxf6+ Bxf6 7. Nf3 0-0 8. Qe2 Nc6 9. c3 d6 10. h4 e5 11. Bxh7+ Kh8 12. Ng5 Qe8 13. d5 Ne7 14. Be4 Nf5 15. Bd2 b5 16. Ne6 Bxe6 17. dxe6 Nh6 18. Bxa8 Qxa8 19. Bxh6 gxh6 20. 0-0-0 Qc6 21. g4 d5 22. g5 Bg7 23. e7 Re8 24. Kb1 Rxe7 25. f4 Qe6 26. Qd3 exf4 27. Qxd5 c6 28. Qxe6 Rxe6 29. Rde1 Rxe1+ 30. Rxe1 hxg5 31. hxg5 Bf8 32. Kc2 Bc5 33. Kd3 f3 34. Re6 1-0